Myologie Membre sup - Statistiques

Statistiques générales
  • Ce quiz a été pris 23 fois
  • Le résultat moyen est 10 sur 29
Statistiques - réponses
Muscles Insertions Terminaisons Actions Innervations % Correct
long / court extenseur pouce face post ulna et radius base face dorsale P1 et P2 de D1 extension, contre-opposition nerf radial (C7,C8)
77%
carré pronateur face ant ulna face ant radius pronation nerf médian (C8)
62%
Extenseur des doigts épicondyle lat face dorsale P1, P2, P3 de D1, D2, D3, D4 extension doigts nerf radial (C7,C8)
62%
petit rond partie lat fosse infraépineuse face post tubercule mineur rotation médiale, adduction nerf axillaire (C5,C6)
62%
rond pronateur épicondyle médial, processus coronoïde face lat radius pronation, flexion nerf médian (C6,C7)
62%
deltoïde 1/3 lat clavicule, acromion, épine scapula face lat, bord antérieur abduction, flexion, extension, abduction horizontale nerf axillaire (C5,C6)
54%
grand rond partie lat fosse infraépineuse face médiale humérus rotation médiale, adduction nerf grand dorsal (C5,C6)
54%
infraépineux fosse infraépineuse face post tubercule mineur rotation médiale nerf suprascapulaire (C5, C6)
54%
long palmaire épicondyle médial RMF flexion nerf médian (C6,C7,C8)
54%
triceps brachial tubercule infraglénoïdien olécrâne extension nerf radial (C7,C8)
54%
anconé épicondyle lat olécrâne, 1/4 sup face post extension, verrouillage collatéral nerf radial (C7,C8)
46%
subscapulaire face ant scapula face sup tubercule majeur rotation médiale, adduction nerf suprascapulaire (C5, C6)
46%
supraépineux fosse supraépineuse face sup tubercule majeur abduction nerf suprascapulaire (C5,C6)
46%
coracobrachial processus coracoïde 1/4 moyen face médiale humérus flexion scapulo- humérale, adduction nerf musculocutané (C5,C6)
38%
supinateur épicondyle lat, LCR, crête supinatrice, fosse supinatrice bord ant, face lat radius supination nerf radial (C6,C7)
38%
brachial 1/2 face lat humérus processus coronoïde flexion nerf musculocutané (C5,C6)
31%
brachioradial 1/3 inf bord lat humérus 1/3 inf face lat radius flexion nerf radial (C5,C6)
31%
FRC épicondyle médial base face palmaire M2 flexion, inclinaison radial nerf médian (C6,C7)
31%
CERC épicondyle lat face sup M3 extension nerf radial (C6,C7,C8)
23%
EUC épicondyle lat face dorsale M5 extension, inclinaison ulnaire nerf radial (C6,C7,C8)
23%
FUC épicondyle médial, olécrâne pisiforme flexion, inclinaison ulnaire nerf ulnaire (C7,C8,T1)
23%
LERC bord lat humérus face sup M2 extension, inclinaison radiale nerf radial (C6,C7)
23%
extenseur index face post ulna bord médial tendon ED de D2 extension D2, adduction nerf radial (C7,C8)
15%
Long abducteur pouce partie sup face post ulna et radius tubercule lat base M1 abduction nerf radial (C7,C8)
15%
biceps barchial tubercule supra glénoïdien, processus coracoïde tubérosité radiale flexion, supination nerf musculocutané (C5,C6)
8%
extenseur D5 épicondyle lat bord médial extenseur des doigts extension D5 nerf radial (C7,C8)
8%
fléchisseur profond doigts 3/4 sup face ant ulna base face palmaire P3 de D1, D2, D3, D4 flexion nerf médian / ulnaire (C8,T1)
8%
fléchisseur superficiel doigts épicondyle médiale, LCU, processus coronoïde, arcade tendineuse, radius corps P2 de D1, D2, D3, D4 flexion nerf médian (C7,C8,T1)
0%
long fléchisseur pouce 2/3 sup face ant radius base face palmaire P2 de D1 flexion nerf médian (C8,T1)
0%
Aucun quiz correspondant
Distribution des résultats
% des personnes avec chaque résultat
Percentile par nombre de réponses
Votre historique - résultats
Vous n’avez pas pris ce quiz